Motores y máquinas (Registro nro. 8553)

Detalles MARC
000 -CABECERA
Campo de control interno 01655nam a2200229Ia 4500
008 - ELEMENTOS DE LONGITUD FIJA - INFORMACIÓN GENERAL
Campo de control de longitud fija 260220t1986||||xx |||||||||||||| ||spa||
040 ## - FUENTE DE CATALOGACIÓN
Agencia de catalogación original PY-SlUNAC
Idioma de catalogación spa
Convenciones de descripción rda
041 ## - CÓDIGO DE IDIOMA
Código de idioma para texto/pista de sonido o título separado spa
082 ## - NÚMERO DE CLASIFICACIÓN DECIMAL DEWEY
Clasificación Decimal Dewey (CDD) 621.313
Clasificación Expansiva de Cutter (EC) M857m
245 #0 - TÍTULO
Título Motores y máquinas
264 ## - PIE DE IMPRENTA
Lugar Barcelona :
Editorial CEAC,
Año ℗1986.
300 ## - DESCRIPCIÓN FÍSICA
Páginas 1 volumen
520 ## - NOTA DE RESUMEN
Nota de resumen El libro "Motores y máquinas", publicado por CEAC en 1986, ofrece una visión integral sobre el funcionamiento y la clasificación de motores y máquinas, centrándose en su aplicación en diversas industrias. A lo largo de sus capítulos, se exploran los principios fundamentales de la termodinámica, la mecánica y la electricidad, proporcionando un marco teórico que respalda la comprensión de los diferentes tipos de motores, como los de combustión interna y los eléctricos. Además, se aborda la importancia del mantenimiento y la eficiencia energética, destacando las tecnologías emergentes y las innovaciones en el campo. El texto incluye ilustraciones y diagramas que facilitan la comprensión de los conceptos tratados, haciendo hincapié en la interrelación entre la teoría y la práctica. Este libro es una herramienta valiosa tanto para estudiantes como para profesionales del área de la ingeniería, ya que fomenta un entendimiento profundo sobre el diseño, la operación y la optimización de motores y máquinas en un contexto industrial.
653 ## - MATERIA - TÉRMINO TEMÁTICO NO CONTROLADO (PALABRAS CLAVE)
Materia - término temático no controlado (palabras clave) Ingeniería mecánica
653 ## - MATERIA - TÉRMINO TEMÁTICO NO CONTROLADO (PALABRAS CLAVE)
Materia - término temático no controlado (palabras clave) Máquinas
653 ## - MATERIA - TÉRMINO TEMÁTICO NO CONTROLADO (PALABRAS CLAVE)
Materia - término temático no controlado (palabras clave) Tecnología
942 ## - ELEMENTOS PERSONALIZADOS (KOHA)
Fecha catalogación 2026/02/17
Tipo de documento Libros
Existencias
Fuente de Clasificacion Colección Ubicacion permanente Biblioteca actual Fecha de Ingreso a la Biblioteca Origen de adquisición Código de ubicación Código de barras Tipo de Item KOHA Nota pública
Dewey Decimal Classification Colección General (CG) Biblioteca e Internet, Facultad de Ciencias Exactas y Naturales Biblioteca e Internet, Facultad de Ciencias Exactas y Naturales 02/20/2026 Donación 621.313 M857m CG1913 Libros Material disponible en la Biblioteca e Intenet, Campus UNA, San Lorenzo.